Countries in Papers, Please - Map Quiz - Statistics

General Stats
  • This quiz has been taken 507 times
  • The average score is 4 of 7
Answers on the Map
Answers color-coded by a green-red scale on the quiz's map according to % correct below.
 
Answer Stats
Answer % Correct
Arstotzka
75%
United Federation
70%
Kolechia
65%
Obristan
59%
Impor
57%
Republia
49%
Antegria
44%
No matching quizzes found
Score Distribution
Percent of People with Each Score
Percentile by Number Answered
Your Score History
You have not taken this quiz